OPAC Home

කළු පැල්ලම් කාව්‍ය සංග්‍රහය (Record no. 240339)

MARC details
000 -LEADER
fixed length control field 00497nam a22001697a 4500
003 - CONTROL NUMBER IDENTIFIER
control field LK-CoDNM
005 - DATE AND TIME OF LATEST TRANSACTION
control field 20251112140622.0
008 - FIXED-LENGTH DATA ELEMENTS--GENERAL INFORMATION
fixed length control field 251112b |||||||| |||| 00| 0 eng d
020 ## - INTERNATIONAL STANDARD BOOK NUMBER
International Standard Book Number 9786240024143
040 ## - CATALOGING SOURCE
Original cataloging agency LK-CoDNM
Modifying agency LK-CoDNM
Description conventions LK-CoDNM
080 ## - UNIVERSAL DECIMAL CLASSIFICATION NUMBER
Universal Decimal Classification number X8C1
Item number SUS
942 ## - ADDED ENTRY ELEMENTS (KOHA)
Koha item type Books
100 ## - MAIN ENTRY--PERSONAL NAME
Personal name සුසිල හිමි,වඳුරඹ
245 ## - TITLE STATEMENT
Title කළු පැල්ලම් කාව්‍ය සංග්‍රහය
260 ## - PUBLICATION, DISTRIBUTION, ETC. (IMPRINT)
Place of publication, distribution, etc. colombo
Name of publisher, distributor, etc. godage
Date of publication, distribution, etc. 2024
300 ## - PHYSICAL DESCRIPTION
Extent 72p,21cm
Holdings
Withdrawn status Lost status Damaged status Not for loan Collection code Permanent Location Current Location Shelving location Date acquired Full call number Barcode Koha item type
        Poems Library National Museum Colombo - Sri Lanka Library National Museum Colombo - Sri Lanka Reference 2025-11-12 X8C1 SUS P179163 Books
Copyright © 2023 Department of National Museum, Colombo 07, Sri Lanka Funded by UNESCO IFAP UNESCO